| 000 | 00640nam a22001697a 4500 | ||
|---|---|---|---|
| 999 |
_c15236 _d15236 |
||
| 003 | OSt | ||
| 082 | _2631.587 SAJ/ER | ||
| 088 | _aT 94 | ||
| 100 |
_aSAJEENA S _91910 |
||
| 245 | _aErodibility and runoff potential of laterite soils under simulated rainfall conditions | ||
| 260 |
_aTavanur 1999 _bKelappaji College of Agricultural Engineering and Technology |
||
| 300 | _a118 | ||
| 500 | _aErodibility and runoff potential of laterite soils under simulated rainfall conditions | ||
| 520 | _aErodibility and runoff potential of laterite soils under simulated rainfall conditions | ||
| 700 |
_aEr. E. K Kurien (Guide) _92330 |
||
| 942 | _cTH | ||